[Event "Gibraltar Challenger op-A"]
[Site "Caleta"]
[Date "2017.01.27"]
[Round "5"]
[White "Ruud, Kjetil"]
[Black "Miracola, Giorgia"]
[Result "0-1"]
[WhiteElo "1773"]
[BlackElo "1924"]
[PlyCount "118"]
[EventDate "2017.01.23"]
[EventType "swiss"]
[EventRounds "5"]
[EventCountry "GGB"]
[SourceTitle "CBM 176 Extra"]
[Source "ChessBase"]
[SourceDate "2017.03.02"]
[SourceVersion "1"]
[SourceVersionDate "2017.03.02"]
[SourceQuality "1"]

1. e4 g6 2. d4 Bg7 3. f4 d6 4. Nf3 Nf6 5. e5 dxe5 6. fxe5 Nd5 7. c4 Nb6 8. Bf4 0-0 9. h3 c6 10. Nc3 Be6 11. b3 a5 12. a4 f6 13. Qd2 fxe5 14. Bxe5 Bxe5 15. Nxe5 N8d7 16. Ng4 Qc7 17. Nh6+ Kg7 18. Qe3 Qf4 19. Qxe6 Qxh6 20. Ne2 Rae8 21. g4 Qh4+ 22. Kd2 Rf6 23. Qe3 e5 24. Bg2 Rfe6 25. d5 cxd5 26. cxd5 Rd6 27. Nc3 Nf6 28. Qc5 Red8 29. Kc2 Nfxd5 30. Bxd5 Nxd5 31. Rad1 Rc6 32. Qxa5 Rxc3+ 33. Kb2 Qf2+ 34. Ka3 Qc5+ 35. Qxc5 Rxc5 36. Rd3 Rc3 37. Rd2 Kf6 38. Kb2 Re3 39. h4 e4 40. Rd4 Ke6 41. g5 Rf8 42. Rhd1 Rf2+ 43. Ka3 Nf4 44. Rd6+ Kf5 45. Rd7 Rd3 46. Rf7+ Ke6 47. Rf6+ Kd5 48. Rc1 Rff3 49. Rc7 Rxb3+ 50. Ka2 Rfc3 51. Rxc3 Rxc3 52. Rxf4 Rf3 53. Rg4 e3 54. Rg1 e2 55. Re1 Rf2 56. Kb3 Kd4 57. Kc2 Ke3 58. Rxe2+ Kxe2 59. Kb3 Rf4 0-1

[Event "Gibraltar Challenger op-A"]
[Site "Caleta"]
[Date "2017.01.23"]
[Round "1"]
[White "Ruud, Kjetil"]
[Black "Ebner, Johann"]
[Result "0-1"]
[WhiteElo "1773"]
[BlackElo "2066"]
[PlyCount "38"]
[EventDate "2017.01.23"]
[EventType "swiss"]
[EventRounds "5"]
[EventCountry "GGB"]
[SourceTitle "CBM 176 Extra"]
[Source "ChessBase"]
[SourceDate "2017.03.02"]
[SourceVersion "1"]
[SourceVersionDate "2017.03.02"]
[SourceQuality "1"]

1. g4 d5 2. Bg2 c6 3. g5 e5 4. d3 h6 5. h4 Bg4 6. Bf3 Bxf3 7. Nxf3 Nd7 8. c4 dxc4 9. dxc4 e4 10. Nd4 hxg5 11. Bxg5 Qxg5 12. hxg5 Rxh1+ 13. Kd2 Rxd1+ 14. Kxd1 0-0-0 15. Kc2 Ne5 16. Kc3 Bc5 17. e3 Bxd4+ 18. exd4 Nf3 19. Nd2 Nxd2 0-1

[Event "As CC-ch A"]
[Site "As"]
[Date "2017.01.19"]
[Round "2"]
[White "Ruud, Kjetil"]
[Black "Moberg, Jan Rune"]
[Result "1-0"]
[WhiteElo "1527"]
[BlackElo "1529"]
[PlyCount "107"]
[EventDate "2017.01.12"]
[EventType "tourn"]
[EventRounds "9"]
[EventCountry "NOR"]
[SourceTitle "EXT 2024"]
[Source "ChessBase"]
[SourceDate "2023.10.10"]
[SourceVersion "1"]
[SourceVersionDate "2023.10.10"]
[SourceQuality "1"]

1. e4 c5 2. Nc3 a6 3. f4 d6 4. Nf3 e6 5. a4 Nc6 6. Bc4 Nd4 7. 0-0 Be7 8. Ne2 Nxf3+ 9. Rxf3 d5 10. exd5 exd5 11. Rd3 Nf6 12. Bxd5 Nxd5 13. c4 Be6 14. Nc3 Bf6 15. cxd5 c4 16. Rf3 Bg4 17. Re3+ Kf8 18. Qxg4 Bd4 19. Qf3 Qb6 20. Kh1 Bxe3 21. dxe3 Re8 22. e4 f6 23. e5 f5 24. Qe3 Qxe3 25. Bxe3 Ke7 26. Rd1 Rc8 27. Ne2 Rhd8 28. d6+ Kd7 29. Bb6 Re8 30. Nd4 g6 31. Bc7 b5 32. a5 Rxc7 33. dxc7 Kxc7 34. Nc2 g5 35. g3 gxf4 36. gxf4 Kc6 37. Rd6+ Kc5 38. Rxa6 b4 39. Rd6 b3 40. Ne3 Rb8 41. Nd1 Rb4 42. Nc3 Rb8 43. h3 Ra8 44. Kg2 h5 45. Kf2 Rg8 46. a6 h4 47. a7 Ra8 48. Rd7 Kc6 49. Rf7 Kc5 50. Ke3 Rg8 51. Rxf5 Rg3+ 52. Kd2 Rd3+ 53. Kc1 Rd8 54. Rf6 1-0

[Event "As Autumn"]
[Site "As"]
[Date "2016.11.10"]
[Round "8"]
[White "Ruud, Kjetil"]
[Black "Lea, Per"]
[Result "1-0"]
[WhiteElo "1446"]
[BlackElo "1533"]
[PlyCount "45"]
[EventDate "2016.09.01"]
[EventType "swiss"]
[EventRounds "9"]
[EventCountry "NOR"]
[SourceTitle "EXT 2024"]
[Source "ChessBase"]
[SourceDate "2023.10.10"]
[SourceVersion "1"]
[SourceVersionDate "2023.10.10"]
[SourceQuality "1"]

1. e4 e5 2. Nf3 Nc6 3. d4 exd4 4. Bc4 Nf6 5. 0-0 Nxe4 6. Re1 d5 7. Nxd4 Bc5 8. Nxc6 Bxf2+ 9. Kf1 bxc6 10. Rxe4+ dxe4 11. Qxd8+ Kxd8 12. Kxf2 Ke7 13. Nc3 Be6 14. Bxe6 Kxe6 15. Nxe4 f5 16. Nc5+ Kd5 17. Na6 Ke4 18. Bd2 f4 19. Re1+ Kf5 20. Re7 g5 21. Bc3 Rhe8 22. Rf7+ Kg6 23. Rf6+ 1-0

[Event "As Autumn"]
[Site "As"]
[Date "2016.10.13"]
[Round "5"]
[White "Ruud, Kjetil"]
[Black "Johnson, David"]
[Result "1-0"]
[WhiteElo "1446"]
[BlackElo "1443"]
[PlyCount "77"]
[EventDate "2016.09.01"]
[EventType "swiss"]
[EventRounds "9"]
[EventCountry "NOR"]
[SourceTitle "EXT 2024"]
[Source "ChessBase"]
[SourceDate "2023.10.10"]
[SourceVersion "1"]
[SourceVersionDate "2023.10.10"]
[SourceQuality "1"]

1. e4 e5 2. Nf3 Nc6 3. d4 exd4 4. Bc4 Bb4+ 5. c3 Ba5 6. Nxd4 Qe7 7. 0-0 Ne5 8. Bb3 d6 9. f4 Ng6 10. Nd2 Nh6 11. Nc4 Bb6 12. Nxb6 axb6 13. Nf5 Nxf5 14. exf5 Bxf5 15. Re1 Be6 16. f5 0-0 17. fxe6 fxe6 18. Bxe6+ Kh8 19. Bd5 Qh4 20. g3 Qd8 21. Bxb7 Ra5 22. Rf1 Re8 23. Bf4 Qd7 24. Qf3 Rf8 25. Bc6 Qd8 26. Qe3 h6 27. Bxh6 Ne5 28. Bg5 Nf3+ 29. Rxf3 Rxf3 30. Qxf3 Rxg5 31. Re1 Re5 32. Rxe5 dxe5 33. Qh5+ Kg8 34. Qxe5 Qd1+ 35. Kf2 Qc2+ 36. Qe2 Qf5+ 37. Kg2 Qc5 38. Qe8+ Kh7 39. Be4+ 1-0

[Event "AS CC-ch A"]
[Site "As"]
[Date "2016.03.17"]
[Round "7"]
[White "Ruud, Kjetil"]
[Black "Johnson, David"]
[Result "1-0"]
[WhiteElo "1392"]
[BlackElo "1431"]
[PlyCount "35"]
[EventDate "2016.01.14"]
[EventType "tourn"]
[EventRounds "9"]
[EventCountry "NOR"]
[SourceTitle "EXT 2024"]
[Source "ChessBase"]
[SourceDate "2023.10.10"]
[SourceVersion "1"]
[SourceVersionDate "2023.10.10"]
[SourceQuality "1"]

1. e4 e5 2. Nc3 Bc5 3. Bc4 Nf6 4. f4 Nc6 5. Nf3 0-0 6. fxe5 Ng4 7. d4 Bb6 8. h3 Nh6 9. Bxh6 gxh6 10. Qd2 Na5 11. Qxh6 Nxc4 12. Ng5 Qxg5 13. Qxg5+ Kh8 14. Qf6+ Kg8 15. Nd5 Re8 16. 0-0-0 c6 17. Rhf1 Re6 18. Qxf7+ 1-0

[Event "As Autumn"]
[Site "As"]
[Date "2015.10.08"]
[Round "5"]
[White "Fuglseth, Jan"]
[Black "Ruud, Kjetil"]
[Result "0-1"]
[WhiteElo "1479"]
[BlackElo "1387"]
[PlyCount "114"]
[EventDate "2015.09.03"]
[EventType "swiss"]
[EventRounds "9"]
[EventCountry "NOR"]
[SourceTitle "EXT 2024"]
[Source "ChessBase"]
[SourceDate "2023.10.10"]
[SourceVersion "1"]
[SourceVersionDate "2023.10.10"]
[SourceQuality "1"]

1. Nf3 d5 2. g3 Nc6 3. Bg2 e5 4. d3 f5 5. e3 Nf6 6. Nc3 e4 7. dxe4 fxe4 8. Nd4 Bd6 9. a3 Ne5 10. h3 c6 11. b3 Bd7 12. Bb2 Qc7 13. a4 a6 14. Nde2 g5 15. Nd4 0-0-0 16. Qd2 h5 17. 0-0-0 Rhf8 18. Rdf1 Bb4 19. Qd1 g4 20. Nde2 Be6 21. Nf4 Bg8 22. hxg4 hxg4 23. Nce2 Qd6 24. Rh6 Ba3 25. Qd4 c5 26. Qc3 Bxb2+ 27. Kxb2 Ned7 28. Rd1 Qe5 29. Ng6 Qg5 30. Ne7+ Kb8 31. Nxg8 Nxg8 32. Rd6 Ngf6 33. Nf4 Qf5 34. Rd2 d4 35. exd4 Rc8 36. dxc5 Nxc5 37. Qb4 Rf7 38. Rd8 Rfc7 39. Rxc8+ Rxc8 40. Qd4 Nfd7 41. Qd6+ Ka8 42. Nd5 Rc6 43. Qf4 Qg6 44. Nc3 Qg7 45. Bxe4 Nxe4 46. Rxd7 Qxc3+ 47. Ka3 Qa1+ 48. Kb4 Rb6+ 49. Kc4 Qc3+ 50. Kd5 Qc6+ 51. Ke5 Qe6+ 52. Kd4 Qxd7+ 53. Kxe4 Rb4+ 54. c4 Qe6+ 55. Kd4 Rxb3 56. Qf8+ Ka7 57. Qc5+ Qb6 0-1

[Event "Follo CC-ch"]
[Site "Follo"]
[Date "2015.03.19"]
[Round "7"]
[White "Ruud, Kjetil"]
[Black "Svebestad, Erlend"]
[Result "1-0"]
[WhiteElo "1301"]
[BlackElo "1360"]
[PlyCount "79"]
[EventDate "2015.01.15"]
[EventType "swiss"]
[EventRounds "9"]
[EventCountry "NOR"]
[SourceTitle "EXT 2017"]
[Source "ChessBase"]
[SourceDate "2016.10.25"]
[SourceVersion "1"]
[SourceVersionDate "2016.10.25"]
[SourceQuality "1"]

1. e4 c6 2. d4 d5 3. e5 Bf5 4. Bd3 Bxd3 5. Qxd3 e6 6. Ne2 c5 7. c3 Nd7 8. Qg3 cxd4 9. cxd4 Ne7 10. 0-0 Nf5 11. Qg4 Qb6 12. Nbc3 Be7 13. Nxd5 exd5 14. Qxf5 Qb5 15. Nc3 Qc6 16. Qf3 Rd8 17. Qxd5 Qxd5 18. Nxd5 Nf8 19. Nxe7 Kxe7 20. Be3 Ne6 21. Rfd1 Rd5 22. Rd2 Rhd8 23. Rad1 R8d7 24. f4 f5 25. exf6+ Kxf6 26. g4 h6 27. h4 g5 28. f5 Ng7 29. hxg5+ hxg5 30. Kf2 Re7 31. Re1 Red7 32. Rh1 Ne8 33. Rh6+ Kg7 34. Rg6+ Kf7 35. Kf3 Nd6 36. Rxg5 Re7 37. Rh2 Ne4 38. Rh7+ Kf8 39. Rxe7 Rxd4 40. Rgg7 1-0

[Event "As CC-ch B"]
[Site "As"]
[Date "2014.02.13"]
[Round "4"]
[White "Thowsen, Alf Geir"]
[Black "Ruud, Kjetil"]
[Result "1-0"]
[WhiteElo "1173"]
[BlackElo "1229"]
[PlyCount "95"]
[EventDate "2014.01.16"]
[EventType "swiss"]
[EventRounds "9"]
[EventCountry "NOR"]
[SourceTitle "EXT 2024"]
[Source "ChessBase"]
[SourceDate "2023.10.10"]
[SourceVersion "1"]
[SourceVersionDate "2023.10.10"]
[SourceQuality "1"]

1. d4 b6 2. c4 Bb7 3. e3 g6 4. Nf3 Bg7 5. Nc3 d6 6. Bd3 c5 7. d5 Bxc3+ 8. bxc3 e5 9. e4 h6 10. 0-0 a5 11. a4 Qe7 12. Rb1 Nd7 13. Ne1 0-0-0 14. f4 f6 15. Qg4 Qg7 16. fxe5 Kc7 17. e6 Ne5 18. Qd1 Ba6 19. Qb3 Rb8 20. Bf4 Nxd3 21. Nxd3 Ne7 22. Ne1 g5 23. Bg3 h5 24. Nc2 h4 25. Bf2 g4 26. g3 hxg3 27. Bxg3 Qg6 28. Rf4 Qg5 29. Rbf1 Rbf8 30. Na3 Nc8 31. Nb5+ Kb7 32. Qc2 Bxb5 33. cxb5 Kc7 34. c4 Ne7 35. Qc3 Rh6 36. R4f2 Ng8 37. Bf4 Qg6 38. Bxh6 Qxh6 39. Rg2 Qh4 40. Qg3 Qxg3 41. hxg3 Ne7 42. Rh2 Ng6 43. Rh7+ Kc8 44. Kg2 Ne5 45. Rfh1 Nxc4 46. Rh8 Rxh8 47. Rxh8+ Kc7 48. e7 1-0